<?xml version="1.0" encoding="UTF-8"?>
<collection xmlns="http://www.loc.gov/MARC21/slim">
 <record>
  <leader>03863nam a2200289 a 4500</leader>
  <controlfield tag="001">1/49365</controlfield>
  <controlfield tag="008">200520s2019    gr       b    00110 gre  </controlfield>
  <datafield tag="020" ind1=" " ind2=" ">
   <subfield code="a">9789604187874</subfield>
  </datafield>
  <datafield tag="035" ind1=" " ind2=" ">
   <subfield code="l">52367</subfield>
  </datafield>
  <datafield tag="040" ind1=" " ind2=" ">
   <subfield code="a">GR-PeUP</subfield>
  </datafield>
  <datafield tag="082" ind1="0" ind2="0">
   <subfield code="a">300.72 GRA ΜΤΦ</subfield>
  </datafield>
  <datafield tag="100" ind1="1" ind2=" ">
   <subfield code="a">Gray, David E. (David Edward),</subfield>
   <subfield code="d">1952-</subfield>
  </datafield>
  <datafield tag="245" ind1="1" ind2="2">
   <subfield code="a">Η ερευνητική μεθοδολογία στον πραγματικό κόσμο /</subfield>
   <subfield code="c">Gray David ; μετάφραση Παύλος Δελιάς ; επιστημονική επιμέλεια Παύλος Δελιάς, Πρόδρομος Χατζόγλου.</subfield>
  </datafield>
  <datafield tag="260" ind1="0" ind2=" ">
   <subfield code="a">Θεσσαλονίκη :</subfield>
   <subfield code="b">Τζιόλας,</subfield>
   <subfield code="c">2018.</subfield>
  </datafield>
  <datafield tag="300" ind1=" " ind2=" ">
   <subfield code="a">ix, 678 σ. :</subfield>
   <subfield code="b">εικ. ;</subfield>
   <subfield code="c">30 εκ.</subfield>
  </datafield>
  <datafield tag="500" ind1=" " ind2=" ">
   <subfield code="a">Μετάφραση του: Doing research in the real world, 4th ed.</subfield>
  </datafield>
  <datafield tag="500" ind1=" " ind2=" ">
   <subfield code="a">Ποικίλες ανατυπώσεις: 2018, 2019.</subfield>
  </datafield>
  <datafield tag="500" ind1=" " ind2=" ">
   <subfield code="a">Περιεχόμενα: Εισαγωγή, ΜΕΡΟΣ Α: Οι Αρχές και ο Προγραμματισμός της Έρευνας, Θεωρητικές Απόψεις και Μεθοδολογίες Έρευνας, Επιλογή και Προγραμματισμός Ερευνητικών Προτάσεων και Ερευνητικών Έργων, Ερευνητική Δεοντολογία, Αναζήτηση, Κριτική Ανασκόπηση και Χρήση της Βιβλιογραφίας, ΜΕΡΟΣ Β: Μεθοδολογία Έρευνας, Ερευνητικός Σχεδιασμός: Ποσοτικές Μέθοδοι , Ερευνητικός Σχεδιασμός: Ποιοτικές Μέθοδοι, Ερευνητικός Σχεδιασμός: Μεικτές Μέθοδοι, Στρατηγικές Δειγματοληψίας, Σχεδιασμός Περιγραφικών και Αναλυτικών Δημοσκοπήσεων, Σχεδιασμός Μελετών Περίπτωσης, Σχεδιασμός Μελετών Αξιολόγησης, Έρευνα Δράσης και Αλλαγή, ΜΕΡΟΣ Γ: Μέθοδοι Συλλογής Δεδομένων, Ερωτηματολόγια και Δημοσκοπήσεις, Συνεντεύξεις, Μη-Συμμετοχική Παρατήρηση, Εθνογραφία και Συμμετοχική Παρατήρηση, Ομάδες Εστίασης, Μη-Παρεμβατικά Μέτρα, Οπτικές Ερευνητικές Μέθοδοι, Μέθοδοι Ψηφιακής Έρευνας, Δευτερογενή Δεδομένα και Έρευνα, ΜΕΡΟΣ Δ: Ανάλυση και Συγγραφή Εργασίας, Ξεκινώντας με το SPSS, Ανάλυση και Παρουσίαση Ποσοτικών Δεδομένων, Ξεκινώντας με το NVIVO, Ανάλυση και Παρουσίαση Ποιοτικών Δεδομένων, Συγγραφή της Εργασίας, Προετοιμασίας για Παρουσίαση Εργασιών και Υποστήριξη Διατριβών.</subfield>
  </datafield>
  <datafield tag="504" ind1=" " ind2=" ">
   <subfield code="a">Περιλαμβάνει βιβλιογραφικές παραπομπές (σ. 667-676) και ευρετήριο.</subfield>
  </datafield>
  <datafield tag="650" ind1=" " ind2="4">
   <subfield code="a">Κοινωνικές επιστήμες</subfield>
   <subfield code="x">Έρευνα.</subfield>
  </datafield>
  <datafield tag="650" ind1=" " ind2="4">
   <subfield code="a">Social sciences.</subfield>
  </datafield>
  <datafield tag="650" ind1=" " ind2="4">
   <subfield code="a">Κοινωνικές επιστήμες</subfield>
   <subfield code="x">Έρευνα</subfield>
   <subfield code="x">Μεθοδολογία.</subfield>
  </datafield>
  <datafield tag="650" ind1=" " ind2="4">
   <subfield code="a">Social sciences</subfield>
   <subfield code="x">Research.</subfield>
  </datafield>
  <datafield tag="700" ind1="1" ind2=" ">
   <subfield code="a">Δελιάς, Παύλος.</subfield>
  </datafield>
  <datafield tag="700" ind1="1" ind2=" ">
   <subfield code="a">Χατζόγλου, Πρόδρομος Δ.</subfield>
  </datafield>
  <datafield tag="852" ind1=" " ind2=" ">
   <subfield code="a">INST</subfield>
   <subfield code="b">UNIPILB</subfield>
   <subfield code="c">MAIN</subfield>
   <subfield code="e">20200520</subfield>
   <subfield code="h">300.72 GRA ΜΤΦ</subfield>
   <subfield code="p">00182849</subfield>
   <subfield code="q">00182849</subfield>
   <subfield code="t">LOAN</subfield>
   <subfield code="y">0</subfield>
   <subfield code="4">1</subfield>
  </datafield>
  <datafield tag="852" ind1=" " ind2=" ">
   <subfield code="a">INST</subfield>
   <subfield code="b">UNIPILB</subfield>
   <subfield code="c">MAIN</subfield>
   <subfield code="e">20200520</subfield>
   <subfield code="h">300.72 GRA ΜΤΦ</subfield>
   <subfield code="p">00182850</subfield>
   <subfield code="q">00182850</subfield>
   <subfield code="t">LOAN</subfield>
   <subfield code="y">0</subfield>
   <subfield code="4">2</subfield>
  </datafield>
 </record>
</collection>
